[Event "88th YMCA Winter-C"]
[Site "Warszawa"]
[Date "2011.02.04"]
[Round "5"]
[White "Bartczak, Hanna"]
[Black "Starczewska, Malgorzata"]
[Result "1/2-1/2"]
[WhiteElo "1682"]
[BlackElo "1810"]
[PlyCount "48"]
[EventDate "2011.01.04"]
[EventRounds "1"]
[EventCountry "POL"]
[SourceDate "2011.01.05"]

1. d4 g6 2. c4 Bg7 3. Nf3 d6 4. e4 e6 5. Nc3 Ne7 6. Be3 Nd7 7. Be2 O-O 8. O-O
f5 9. Ng5 Nf6 10. e5 Ne8 11. f4 h6 12. Nf3 b6 13. Qe1 Bb7 14. Qg3 Kh7 15. Rad1
c6 16. Nh4 Qc7 17. Nf3 Rd8 18. Qh3 Kg8 19. Nh4 dxe5 20. dxe5 Rxd1 21. Rxd1 g5
22. fxg5 Bxe5 23. gxh6 c5 24. Bg5 Nf6 1/2-1/2

[Event "88th YMCA Winter-C"]
[Site "Warszawa"]
[Date "2011.02.01"]
[Round "5"]
[White "Zbrzeski, Piotr"]
[Black "Pastuszko, Kinga"]
[Result "1-0"]
[WhiteElo "1808"]
[BlackElo "1795"]
[PlyCount "41"]
[EventDate "2011.01.04"]
[EventRounds "1"]
[EventCountry "POL"]
[SourceDate "2011.01.05"]

1. d4 d5 2. c4 c6 3. cxd5 cxd5 4. Nc3 Nf6 5. Nf3 Nc6 6. Qb3 Qb6 7. Nxd5 Qxb3 8.
Nxf6+ gxf6 9. axb3 Be6 10. e4 Nb4 11. Ra4 Nc2+ 12. Kd2 Bxb3 13. Ra5 Rc8 14. Rc5
Rxc5 15. dxc5 Na1 16. Kc3 Be6 17. Bc4 Bxc4 18. Kxc4 e5 19. Kc3 b5 20. b4 a5 21.
Ba3 1-0

[Event "88th YMCA Winter-C"]
[Site "Warszawa"]
[Date "2011.02.01"]
[Round "5"]
[White "Major, Boguslaw"]
[Black "Rogala, Lucyna"]
[Result "1-0"]
[WhiteElo "1811"]
[BlackElo "1736"]
[PlyCount "43"]
[EventDate "2011.01.04"]
[EventRounds "1"]
[EventCountry "POL"]
[SourceDate "2011.01.05"]

1. e4 c5 2. d4 cxd4 3. Nf3 Nc6 4. c3 dxc3 5. Nxc3 Nf6 6. Bc4 e6 7. e5 Ng4 8.
Bf4 Qa5 9. Qe2 Bb4 10. Rc1 h5 11. h3 Nh6 12. O-O Bxc3 13. Rxc3 Nf5 14. Rd1 a6
15. a3 Rb8 16. Ba2 b5 17. b4 Qb6 18. Bb1 Nce7 19. Qd2 Nd5 20. Rxc8+ Rxc8 21.
Bxf5 Nxf4 22. Qxd7+ 1-0

[Event "88th YMCA Winter-C"]
[Site "Warszawa"]
[Date "2011.02.01"]
[Round "5"]
[White "Wilczynski, Adam"]
[Black "Dominiczak, Adrian"]
[Result "1/2-1/2"]
[WhiteElo "1768"]
[BlackElo "1722"]
[Annotator "M"]
[PlyCount "90"]
[EventDate "2011.01.04"]
[EventRounds "1"]
[EventCountry "POL"]
[SourceDate "2011.01.05"]

1. c4 Nf6 2. g3 g6 3. Bg2 Bg7 4. Nc3 c6 5. d4 d5 6. cxd5 cxd5 7. Nh3 O-O 8. Nf4
e6 9. O-O Nc6 10. e3 b6 11. b3 Ba6 12. Ba3 Bxf1 13. Bxf8 Qxf8 14. Qxf1 Rc8 15.
Rc1 Nb4 16. a3 Nc6 17. Qa6 Na5 18. b4 Nc4 19. Nb5 Nd6 20. Rxc8 Qxc8 21. Qxc8+
Nxc8 22. Nd3 Ne8 23. Ne5 a6 24. Nc3 Ned6 25. Bf1 Bxe5 26. dxe5 Nc4 27. e4 d4
28. Bxc4 dxc3 29. Bb3 Na7 30. Kf1 Nb5 31. Ke2 Nd4+ 32. Kd3 Nxb3 33. Kxc3 Nc1
34. Kd2 Na2 35. Kc2 Kf8 36. Kb2 Nxb4 37. axb4 Ke8 38. Kb3 Kd7 39. Kc4 Kc6 40.
b5+ axb5+ 41. Kb4 g5 42. f3 h5 43. h4 gxh4 44. gxh4 Kc7 45. Kxb5 Kb7 $11
1/2-1/2

[Event "88th YMCA Winter-C"]
[Site "Warszawa"]
[Date "2011.02.08"]
[Round "6"]
[White "Wrabel, Antoni"]
[Black "Dominiczak, Adrian"]
[Result "1/2-1/2"]
[WhiteElo "1751"]
[BlackElo "1722"]
[Annotator "M"]
[PlyCount "85"]
[EventDate "2011.01.04"]
[EventRounds "1"]
[EventCountry "POL"]
[SourceDate "2011.01.05"]

1. e4 c5 2. Nf3 d6 3. d4 cxd4 4. Nxd4 Nf6 5. f3 e6 6. c4 Nc6 7. Nc3 Be7 8. Nc2
b6 9. Be3 Bb7 10. Be2 Rc8 11. Qd2 O-O 12. O-O Na5 13. b3 d5 14. cxd5 Qc7 15.
Bc4 Nxc4 16. bxc4 Qxc4 17. Bd4 Bc5 18. Ne2 e5 19. Bxc5 Qxc5+ 20. Ne3 Ba6 21.
Rfc1 Qa3 22. Kf2 Nd7 23. Nf5 g6 24. Ne3 Nc5 25. Rc2 Nd3+ 26. Kg3 Qe7 27. h4 f5
28. exf5 gxf5 29. Nxf5 Rxf5 30. Rxc8+ Bxc8 31. Qxd3 Qg7+ 32. Kh2 Rh5 33. g3 e4
34. Qd1 exf3 35. Nf4 Qg4 36. Qd4 Rxh4+ 37. gxh4 Qxh4+ 38. Kg1 Qg3+ 39. Kh1 Qh4+
40. Kg1 Qg3+ 41. Kh1 Qh4+ 42. Kg1 $11 Qg3+ 43. Kh1 1/2-1/2

[Event "88th YMCA Winter-C"]
[Site "Warszawa"]
[Date "2011.02.08"]
[Round "6"]
[White "Rogala, Lucyna"]
[Black "Nairi, Laurent"]
[Result "1/2-1/2"]
[WhiteElo "1736"]
[BlackElo "1777"]
[PlyCount "161"]
[EventDate "2011.01.04"]
[EventRounds "1"]
[EventCountry "POL"]
[SourceDate "2011.01.05"]

1. e4 c5 2. Nf3 Nc6 3. d4 cxd4 4. Nxd4 a6 5. Nc3 e6 6. g3 Bb4 7. Nxc6 bxc6 8.
Qd4 Bxc3+ 9. Qxc3 Nf6 10. Bg5 h6 11. Be3 O-O 12. Bg2 Rb8 13. O-O d5 14. Rad1
Bb7 15. Rd2 Re8 16. Bf4 Rc8 17. Rfd1 Qe7 18. e5 Nd7 19. Re2 Qc5 20. Qf3 Nf8 21.
Be3 Qe7 22. Qg4 Kh7 23. Bf1 c5 24. Ree1 c4 25. Bd4 Qg5 26. Qf3 Re7 27. h4 Qf5
28. Qxf5+ exf5 29. f4 Ne6 30. Bh3 g6 31. c3 h5 32. Re2 Nc5 33. Bxc5 Rxc5 34.
Kf2 Rb5 35. Ke3 Bc8 36. Kd4 Be6 37. Bf1 Reb7 38. Rb1 a5 39. Rd2 a4 40. Be2 R5b6
41. Bd1 Ra7 42. Bf3 Ra5 43. Bd1 Rbb5 44. Bc2 Kg7 45. Bd1 Kf8 46. b4 axb3 47.
axb3 cxb3 48. Bxb3 Ra7 49. Rdb2 Rab7 50. Kd3 d4 51. c4 Rb4 52. Kxd4 Bxc4 53.
Kc3 Bxb3 54. Rxb3 Rxb3+ 55. Rxb3 Rd7 56. Kc4 Ke7 57. Kc5 Ra7 58. Rd3 Rc7+ 59.
Kb6 Rc1 60. Kb5 f6 61. exf6+ Kxf6 62. Re3 Rc7 63. Kb4 Rc1 64. Rc3 Re1 65. Kc5
Re4 66. Kd5 Re1 67. Rc6+ Kf7 68. Rc7+ Kf6 69. Rc3 Rd1+ 70. Kc4 Ke6 71. Re3+ Kd6
72. Kc3 Rg1 73. Kd3 Ra1 74. Ke2 Ra4 75. Kf3 Rb4 76. Ra3 Rb6 77. Re3 Rb4 78. Re8
Rb3+ 79. Kf2 Rb2+ 80. Kf3 Rb3+ 81. Kf2 1/2-1/2

[Event "88th YMCA Winter-C"]
[Site "Warszawa"]
[Date "2011.02.08"]
[Round "6"]
[White "Pastuszko, Kinga"]
[Black "Major, Boguslaw"]
[Result "1-0"]
[WhiteElo "1795"]
[BlackElo "1811"]
[PlyCount "55"]
[EventDate "2011.01.04"]
[EventRounds "1"]
[EventCountry "POL"]
[SourceDate "2011.01.05"]

1. e4 d6 2. d4 g6 3. Nc3 Bg7 4. Bg5 Nc6 5. Nf3 Bg4 6. Bb5 a6 7. Bxc6+ bxc6 8.
Be3 Qb8 9. Rb1 Nf6 10. O-O h5 11. h3 Bd7 12. Qd3 Qc8 13. Ng5 d5 14. Na4 dxe4
15. Nxe4 Bxh3 16. Nxf6+ Bxf6 17. gxh3 Qxh3 18. Qe4 Kf8 19. Qxc6 Kg7 20. Qg2 Qf5
21. c3 h4 22. Kh2 h3 23. Qg3 Rh4 24. Rg1 Re4 25. Nc5 Bh4 26. Qxh3 Bxf2 27. Qxf5
Rh8+ 28. Kg2 1-0

[Event "88th YMCA Winter-C"]
[Site "Warszawa"]
[Date "2011.02.24"]
[Round "6"]
[White "Starczewska, Malgorzata"]
[Black "Zbrzeski, Piotr"]
[Result "0-1"]
[WhiteElo "1810"]
[BlackElo "1808"]
[PlyCount "102"]
[EventDate "2011.01.04"]
[EventRounds "1"]
[EventCountry "POL"]
[SourceDate "2011.01.05"]

1. e4 Nf6 2. e5 Nd5 3. Bc4 Nb6 4. Bb3 Nc6 5. d4 d6 6. Nf3 Bf5 7. O-O dxe5 8.
Nxe5 Nxe5 9. dxe5 e6 10. Nc3 Bc5 11. Qxd8+ Rxd8 12. Bg5 Rd7 13. Rad1 a6 14. a4
h6 15. Bh4 g5 16. Bg3 Ke7 17. a5 Rxd1 18. Rxd1 Nd7 19. Na2 Rd8 20. c3 Ba7 21.
Kf1 Nc5 22. Rxd8 Kxd8 23. Bd1 Nd3 24. b4 c5 25. Bf3 cxb4 26. Nxb4 Nc5 27. Ke1
Kc7 28. Bh5 Bg6 29. Bd1 Ne4 30. Na2 Kc6 31. Bf3 Kb5 32. Ke2 Kxa5 33. Bxe4 Bxe4
34. f3 Bb1 35. Nb4 Bc5 36. Be1 Ka4 37. Nd3 Bxd3+ 38. Kxd3 Kb3 39. c4 b6 40. h4
a5 41. hxg5 hxg5 42. Bd2 Be7 43. Be3 Bd8 44. Bd4 a4 45. g3 a3 46. Bc3 Be7 47.
Bd4 Bc5 48. Bc3 a2 49. f4 Ba3 50. c5 bxc5 51. Ba1 Bb2 0-1

[Event "88th YMCA Winter-C"]
[Site "Warszawa"]
[Date "2011.02.08"]
[Round "6"]
[White "Krzyzanowski, Antoni"]
[Black "Bartczak, Hanna"]
[Result "1-0"]
[WhiteElo "1793"]
[BlackElo "1682"]
[PlyCount "35"]
[EventDate "2011.01.04"]
[EventRounds "1"]
[EventCountry "POL"]
[SourceDate "2011.01.05"]

1. d4 d6 2. e4 Nf6 3. Nc3 Nbd7 4. f4 e5 5. fxe5 dxe5 6. Nf3 exd4 7. Qxd4 Bc5 8.
Qc4 Qe7 9. Bg5 c6 10. O-O-O b5 11. Qb3 Ne5 12. Nd5 cxd5 13. Nxe5 a6 14. Bxb5+
axb5 15. Qxb5+ Kf8 16. Nc6 Bd7 17. e5 Qxe5 18. Qxc5+ 1-0

[Event "88th YMCA Winter-C"]
[Site "Warszawa"]
[Date "2011.02.15"]
[Round "7"]
[White "Bartczak, Hanna"]
[Black "Wrabel, Antoni"]
[Result "0-1"]
[WhiteElo "1682"]
[BlackElo "1751"]
[PlyCount "80"]
[EventDate "2011.01.04"]
[EventRounds "1"]
[EventCountry "POL"]
[SourceDate "2011.01.05"]

1. d4 c5 2. d5 e6 3. e4 exd5 4. exd5 d6 5. c4 Nf6 6. Nc3 Be7 7. Nf3 O-O 8. Be2
Bg4 9. O-O Nbd7 10. Be3 a6 11. a3 Re8 12. b4 cxb4 13. axb4 Rc8 14. Qd4 Qc7 15.
Na4 Bxf3 16. gxf3 b5 17. cxb5 axb5 18. Bxb5 Rb8 19. Be2 Qb7 20. b5 Nxd5 21.
Rac1 Bf6 22. Qd2 Nxe3 23. fxe3 Qa7 24. Qxd6 Qxe3+ 25. Kh1 Nf8 26. Bc4 Be5 27.
Qc5 Qf4 28. Qf2 Rec8 29. Nb6 Bd4 30. Nd5 Qxc1 31. Ne7+ Kh8 32. Qxd4 Qxc4 33.
Qa1 Rc5 34. Rg1 Ng6 35. Nc6 Rxc6 36. bxc6 Qxc6 37. Qa3 h6 38. Rc1 Qd5 39. Qc3
Kh7 40. Rg1 Rb3 0-1

[Event "88th YMCA Winter-C"]
[Site "Warszawa"]
[Date "2011.02.15"]
[Round "7"]
[White "Zbrzeski, Piotr"]
[Black "Krzyzanowski, Antoni"]
[Result "1/2-1/2"]
[WhiteElo "1808"]
[BlackElo "1793"]
[PlyCount "88"]
[EventDate "2011.01.04"]
[EventRounds "1"]
[EventCountry "POL"]
[SourceDate "2011.01.05"]

1. d4 Nf6 2. c4 e6 3. Nc3 Bb4 4. Qc2 c5 5. Nf3 O-O 6. a3 Qa5 7. Bd2 cxd4 8.
Nxd4 Nc6 9. Nb3 Qh5 10. axb4 Nxb4 11. Qb1 d5 12. e3 Ng4 13. Ne2 Nc6 14. Ng3 Qh4
15. h3 Nge5 16. cxd5 exd5 17. Be2 f5 18. O-O g5 19. f4 gxf4 20. Nh1 fxe3 21.
Bxe3 f4 22. Bc5 Rf7 23. Qd1 Be6 24. Bf2 Qg5 25. h4 Qh6 26. Nd4 Rg7 27. Nxe6
Qxe6 28. Bf3 Rd8 29. Qb3 Nc4 30. Rad1 N6e5 31. Bd4 Nxf3+ 32. Rxf3 Rg4 33. Qxb7
Qe2 34. Nf2 Qxf3 35. Nxg4 Qxd1+ 36. Kh2 Qxg4 37. Qe7 Rf8 38. Bc5 Rf7 39. Qe8+
Kg7 40. Bd4+ Kh6 41. Qxf7 Qxh4+ 42. Kg1 Qe1+ 43. Kh2 Qh4+ 44. Kg1 Qe1+ 1/2-1/2

[Event "88th YMCA Winter-C"]
[Site "Warszawa"]
[Date "2011.02.15"]
[Round "7"]
[White "Major, Boguslaw"]
[Black "Starczewska, Malgorzata"]
[Result "0-1"]
[WhiteElo "1811"]
[BlackElo "1810"]
[PlyCount "76"]
[EventDate "2011.01.04"]
[EventRounds "1"]
[EventCountry "POL"]
[SourceDate "2011.01.05"]

1. d4 g6 2. Nc3 Bg7 3. Nf3 d6 4. e4 c6 5. Be3 b5 6. a3 a6 7. Qd2 Nd7 8. Be2 Bb7
9. h4 h5 10. Ng5 Nh6 11. f3 Qc7 12. Nd1 Nb6 13. Nf2 O-O-O 14. O-O-O Nd7 15. c4
bxc4 16. Bxc4 d5 17. Bb3 c5 18. Kb1 c4 19. Rc1 Qb6 20. Ba2 e6 21. Bxc4 dxc4 22.
Rxc4+ Kb8 23. Rb4 Qd6 24. Rd1 Ka8 25. Nd3 f6 26. e5 fxe5 27. Rxb7 Kxb7 28. Ne4
Qe7 29. dxe5 Nf7 30. Bc5 Nxc5 31. Nexc5+ Ka8 32. Qa5 Qa7 33. Nxe6 Bxe5 34. Nxd8
Rxd8 35. Rc1 Rxd3 36. Rc8+ Bb8 37. Rc6 Rd1+ 38. Ka2 Rd6 0-1

[Event "88th YMCA Winter-C"]
[Site "Warszawa"]
[Date "2011.02.02"]
[Round "7"]
[White "Nairi, Laurent"]
[Black "Pastuszko, Kinga"]
[Result "0-1"]
[WhiteElo "1777"]
[BlackElo "1795"]
[PlyCount "170"]
[EventDate "2011.01.04"]
[EventRounds "1"]
[EventCountry "POL"]
[SourceDate "2011.01.05"]

1. c4 e5 2. Nc3 Nf6 3. Nf3 Nc6 4. d3 d5 5. cxd5 Nxd5 6. Bd2 Be7 7. g3 O-O 8.
Bg2 Nb6 9. O-O Re8 10. a3 Bf8 11. b4 Nd4 12. Re1 c6 13. Rb1 Bg4 14. Nxd4 exd4
15. Ne4 Nd5 16. Ng5 h6 17. Nf3 Qf6 18. h3 Be6 19. Qc1 Rad8 20. Qb2 Nb6 21. Bf4
Bc8 22. Qc2 Nd5 23. Bd2 b6 24. a4 c5 25. bxc5 Bxc5 26. a5 Bb7 27. Qb2 Nc3 28.
Bxc3 dxc3 29. Qc2 Bxf3 30. Bxf3 Qd4 31. Rf1 bxa5 32. Be4 f5 33. Qa2+ Kh8 34. e3
Qf6 35. Bg2 Bb4 36. d4 Qe6 37. Qc2 Rb8 38. h4 Rec8 39. Bh3 Rf8 40. Bg2 Qd7 41.
Rfd1 a4 42. Bf1 a3 43. Bc4 a5 44. Bb3 Qc6 45. d5 Qd6 46. Rd4 Qe5 47. Rbd1 Rfd8
48. Rf4 Rf8 49. Rfd4 Qd6 50. Rf4 Qe5 51. Rfd4 Rbd8 52. Kg2 Rd6 53. R1d3 Rc8 54.
Rd1 Rdd8 55. Rf4 Rf8 56. Rfd4 Bc5 57. Rc4 Bb4 58. Rcd4 Rcd8 59. Kg1 Rd6 60. Kg2
Qf6 61. Kg1 Rc8 62. Kg2 Rdd8 63. Rf4 Rf8 64. Rfd4 Bd6 65. R1d3 Bc5 66. Rc4 Bb4
67. Rcd4 Rfd8 68. Rd1 g6 69. Rf4 Bd6 70. Rfd4 Kg7 71. Kg1 h5 72. Kg2 Qe7 73.
Kg1 Bb4 74. Kg2 Bd6 75. Kg1 Rd7 76. R1d3 Be5 77. Ra4 Qc5 78. Kg2 Rb8 79. Rc4
Qb5 80. Rcxc3 Bxc3 81. Rxc3 a4 82. Bxa4 Qxd5+ 83. Kg1 Rb2 84. Qc1 Qf3 85. Rc2
Rd1+ 0-1

[Event "88th YMCA Winter-C"]
[Site "Warszawa"]
[Date "2011.02.25"]
[Round "7"]
[White "Budrewicz, Henryk"]
[Black "Rogala, Lucyna"]
[Result "0-1"]
[WhiteElo "1625"]
[BlackElo "1736"]
[PlyCount "80"]
[EventDate "2011.01.04"]
[EventRounds "1"]
[EventCountry "POL"]
[SourceDate "2011.01.05"]

1. d4 Nf6 2. e3 b6 3. Bd3 Bb7 4. Nf3 e6 5. Nbd2 d5 6. b3 Nbd7 7. Bb2 Bd6 8. O-O
O-O 9. Ne5 Rc8 10. f4 Ne4 11. Nxd7 Qxd7 12. Nf3 Qe7 13. a4 c6 14. Bxe4 dxe4 15.
Nd2 f5 16. Nc4 Rf6 17. Nxd6 Qxd6 18. c4 Rh6 19. Rf2 Qe7 20. g3 Rd8 21. Qc2 Bc8
22. Rg2 Rg6 23. Kf2 h5 24. h4 Rh6 25. Ba3 Qf7 26. Rd1 a6 27. c5 b5 28. axb5
axb5 29. Bb2 Bb7 30. Ra1 Ra8 31. Rxa8+ Bxa8 32. Rg1 Rh8 33. Ra1 Kh7 34. Qc3 Qg6
35. Rf1 Bb7 36. Qc2 Ra8 37. Bc3 b4 38. Bxb4 Ba6 39. Ra1 Qg4 40. Ke1 Bd3 0-1

[Event "88th YMCA Winter-C"]
[Site "Warszawa"]
[Date "2011.02.22"]
[Round "8"]
[White "Rogala, Lucyna"]
[Black "Wilczynski, Adam"]
[Result "1-0"]
[WhiteElo "1736"]
[BlackElo "1768"]
[PlyCount "111"]
[EventDate "2011.01.04"]
[EventRounds "1"]
[EventCountry "POL"]
[SourceDate "2011.01.05"]

1. c4 e5 2. Nc3 Nf6 3. g3 Bb4 4. Bg2 O-O 5. e3 Bxc3 6. bxc3 e4 7. Ne2 d6 8. Nf4
Nbd7 9. O-O Nb6 10. Qb3 c6 11. a4 Nbd7 12. Ba3 Ne5 13. f3 g5 14. Ne2 exf3 15.
Bxf3 Nxf3+ 16. Rxf3 Bg4 17. Raf1 Ne4 18. Bc1 Nc5 19. Qc2 Bxf3 20. Rxf3 Qe7 21.
d3 d5 22. cxd5 cxd5 23. Nd4 Qd7 24. Ba3 b6 25. Rf5 h6 26. c4 dxc4 27. Qxc4 Rac8
28. Rd5 Qxa4 29. Qxa4 Nxa4 30. Bxf8 Rxf8 31. Nf5 Kh7 32. Rd6 f6 33. Rd7+ Kg6
34. Ne7+ Kh5 35. Rxa7 Nb2 36. h3 f5 37. e4 Nxd3 38. exf5 g4 39. h4 Rf6 40. Rd7
Ne5 41. Rd5 Nf3+ 42. Kf2 Nxh4 43. gxh4 Kxh4 44. Kg2 Kg5 45. Rb5 h5 46. Kg3 h4+
47. Kg2 Rf7 48. Re5 Kf6 49. Re6+ Kg5 50. Rg6+ Kf4 51. f6 b5 52. Rg7 Rf8 53. f7
Ra8 54. f8=Q+ Rxf8 55. Ng6+ Kf5 56. Nxf8 1-0

[Event "88th YMCA Winter-C"]
[Site "Warszawa"]
[Date "2011.02.24"]
[Round "8"]
[White "Pastuszko, Kinga"]
[Black "Budrewicz, Henryk"]
[Result "1/2-1/2"]
[WhiteElo "1795"]
[BlackElo "1625"]
[Annotator "M"]
[PlyCount "106"]
[EventDate "2011.01.04"]
[EventRounds "1"]
[EventCountry "POL"]
[SourceDate "2011.01.05"]

1. e4 g6 2. d4 d6 3. Nc3 Bg7 4. Bg5 Nc6 5. Nf3 Bg4 6. Bb5 a6 7. Bxc6+ bxc6 8.
h3 Bd7 9. O-O Qc8 10. e5 c5 11. Re1 h6 12. Be3 cxd4 13. Bxd4 c5 14. e6 cxd4 15.
exd7+ Qxd7 16. Nxd4 Nf6 17. Qe2 e6 18. Rad1 O-O 19. Ne4 Nxe4 20. Qxe4 d5 21.
Qd3 Rfd8 22. f4 Qd6 23. Qe3 Rab8 24. b3 Qc5 25. Re2 Rbc8 26. Kf2 Re8 27. Nf3
Qxe3+ 28. Kxe3 Rc3+ 29. Rd3 Rec8 30. Rxc3 Rxc3+ 31. Kd2 Rc7 32. Ne5 g5 33. g3
f6 34. Nf3 Kf7 35. Nd4 e5 36. fxe5 fxe5 37. Nf5 e4 38. Nxg7 Kxg7 39. c4 dxc4
40. Rxe4 cxb3 41. axb3 Kf6 $11 42. Kd3 Rc6 43. Rc4 Rd6+ 44. Ke4 Ke6 45. b4 Rb6
46. h4 Rd6 47. hxg5 hxg5 48. g4 Rb6 49. Kd4 Kd6 50. Kc3 Rb5 51. Kd4 a5 52. bxa5
Rxa5 53. Ke4 Re5+ 1/2-1/2

[Event "88th YMCA Winter-C"]
[Site "Warszawa"]
[Date "2011.02.25"]
[Round "8"]
[White "Starczewska, Malgorzata"]
[Black "Nairi, Laurent"]
[Result "1/2-1/2"]
[WhiteElo "1810"]
[BlackElo "1777"]
[Annotator "M"]
[PlyCount "121"]
[EventDate "2011.01.04"]
[EventRounds "1"]
[EventCountry "POL"]
[SourceDate "2011.01.05"]

1. e4 c5 2. Ne2 Nc6 3. g3 Nf6 4. Bg2 d6 5. d3 g6 6. O-O Bg7 7. h3 O-O 8. Nbc3
Bd7 9. Be3 Rb8 10. Qd2 Re8 11. f4 b5 12. g4 b4 13. Nd1 Qc8 14. Ng3 Bxg4 15.
hxg4 Nxg4 16. c3 bxc3 17. bxc3 Qa6 18. Rc1 Rb6 19. Bh3 Nxe3 20. Nxe3 Reb8 21.
Nc4 R6b7 22. Rc2 Na5 23. Nxa5 Qxa5 24. f5 Qa3 25. fxg6 hxg6 26. Qf4 e6 27. Ne2
Qa4 28. Qd2 Qa3 29. Bg2 Rb2 30. Rfc1 Qxa2 31. d4 Kh7 32. Kf2 Kg8 33. Bf3 Qa3
34. Bg4 a5 35. d5 exd5 36. Qxd5 Rxc2 37. Rxc2 Be5 38. Ra2 Qb3 39. Rxa5 Qxd5 40.
exd5 f5 41. Bf3 Kf7 42. Ra6 Kf6 43. Nc1 Rb2+ 44. Ke3 Rc2 45. Ne2 g5 46. Kd3 Rb2
47. Bh5 g4 48. Ra8 Kg5 49. Bf7 c4+ 50. Ke3 f4+ 51. Kf2 f3 52. Rg8+ Kf6 53. Bh5
Rxe2+ 54. Kf1 Bxc3 55. Bxg4 Kf7 56. Rc8 Bd4 57. Rxc4 Bc5 58. Rf4+ $11 Kg6 59.
Rxf3 Re5 60. Be6 Kg5 61. Rf7 1/2-1/2

[Event "88th YMCA Winter-C"]
[Site "Warszawa"]
[Date "2011.02.22"]
[Round "8"]
[White "Krzyzanowski, Antoni"]
[Black "Major, Boguslaw"]
[Result "1-0"]
[WhiteElo "1793"]
[BlackElo "1811"]
[PlyCount "95"]
[EventDate "2011.01.04"]
[EventRounds "1"]
[EventCountry "POL"]
[SourceDate "2011.01.05"]

1. d4 d5 2. c4 c6 3. Nf3 Nf6 4. Nc3 e6 5. Bg5 Nbd7 6. e3 Qa5 7. Rc1 Ne4 8. Bh4
Bb4 9. Qb3 Ndf6 10. Bd3 Nd6 11. c5 Nde4 12. O-O Bxc3 13. bxc3 h6 14. Rc2 g5 15.
Bg3 Nxg3 16. hxg3 Ng4 17. c4 Qc7 18. e4 dxe4 19. Bxe4 f5 20. Bd3 f4 21. gxf4
O-O 22. Ne5 Rxf4 23. Nxg4 Rxg4 24. d5 Qf4 25. Re1 Qf7 26. Rce2 Rh4 27. g3 Rh3
28. Be4 exd5 29. cxd5 Bg4 30. Re3 Rf8 31. dxc6 Be6 32. Qc2 Bd5 33. Bxd5 Qxd5
34. Qe4 Qxc6 35. Qxc6 bxc6 36. Re6 g4 37. Rxc6 Rh5 38. Ree6 Rhf5 39. Rg6+ Kf7
40. Rxg4 h5 41. Ra4 Ra8 42. Kg2 a5 43. f4 Ke7 44. Rd4 Rb8 45. Rc7+ Ke8 46. c6
Rb2+ 47. Kf3 Rxa2 48. Rdd7 1-0

[Event "88th YMCA Winter-C"]
[Site "Warszawa"]
[Date "2011.02.22"]
[Round "8"]
[White "Bartczak, Hanna"]
[Black "Zbrzeski, Piotr"]
[Result "1-0"]
[WhiteElo "1682"]
[BlackElo "1808"]
[PlyCount "109"]
[EventDate "2011.01.04"]
[EventRounds "1"]
[EventCountry "POL"]
[SourceDate "2011.01.05"]

1. d4 d5 2. c4 c6 3. cxd5 cxd5 4. Nc3 Nf6 5. Nf3 e6 6. e3 Bb4 7. Bd3 O-O 8. O-O
Nbd7 9. a3 Bxc3 10. bxc3 Qc7 11. Qb3 Nb6 12. Ne5 Nfd7 13. f4 f5 14. Bd2 Nxe5
15. fxe5 Bd7 16. Rab1 Rab8 17. Rfc1 Rfc8 18. Qb4 Be8 19. Be1 g5 20. Bg3 Bg6 21.
Bf2 Kg7 22. Ra1 Kf7 23. a4 Qe7 24. a5 Nd7 25. Qxe7+ Kxe7 26. c4 dxc4 27. Bxc4
Rc7 28. Bb3 Rbc8 29. Rxc7 Rxc7 30. Be1 Bf7 31. Bb4+ Kd8 32. Kf2 Nb8 33. Ke2 Na6
34. Bd6 Rc3 35. Bd1 Bh5+ 36. Kd2 Bxd1 37. Kxc3 Bh5 38. Kd2 Be8 39. Rf1 h5 40.
g3 g4 41. e4 Bg6 42. exf5 Bxf5 43. Ke3 Kd7 44. Rc1 Bg6 45. Kf4 Bd3 46. Kg5 Be4
47. Kxh5 Bf3 48. Kh4 Kd8 49. h3 gxh3 50. Kxh3 Be2 51. g4 Bd3 52. Kh4 Ke8 53.
Kg5 Kf7 54. Kh6 b5 55. Rc8 1-0

[Event "88th YMCA Winter-C"]
[Site "Warszawa"]
[Date "2011.03.01"]
[Round "9"]
[White "Zbrzeski, Piotr"]
[Black "Wrabel, Antoni"]
[Result "1-0"]
[WhiteElo "1808"]
[BlackElo "1751"]
[PlyCount "53"]
[EventDate "2011.01.04"]
[EventRounds "1"]
[EventCountry "POL"]
[SourceDate "2011.01.05"]

1. d4 c5 2. d5 e6 3. c4 exd5 4. cxd5 d6 5. Nc3 Nf6 6. e4 Be7 7. Bb5+ Bd7 8.
Bxd7+ Qxd7 9. f4 O-O 10. Nf3 b5 11. e5 Ne8 12. O-O Nc7 13. Be3 b4 14. Ne4 Nba6
15. Rc1 Rfd8 16. exd6 Bxd6 17. Qd2 Re8 18. Nxc5 Bxc5 19. Bxc5 Qxd5 20. Bxb4
Qxa2 21. Ba3 Qb3 22. Rc6 Rad8 23. Qc1 Rd7 24. Ne5 Rde7 25. Bxe7 Rxe7 26. Rxa6
f6 27. Qc5 1-0

[Event "88th YMCA Winter-C"]
[Site "Warszawa"]
[Date "2011.02.17"]
[Round "9"]
[White "Major, Boguslaw"]
[Black "Bartczak, Hanna"]
[Result "1-0"]
[WhiteElo "1811"]
[BlackElo "1682"]
[PlyCount "59"]
[EventDate "2011.01.04"]
[EventRounds "1"]
[EventCountry "POL"]
[SourceDate "2011.01.05"]

1. d4 d6 2. Nc3 Nf6 3. e4 Nbd7 4. f4 e5 5. Nf3 exd4 6. Qxd4 c6 7. Bc4 d5 8.
exd5 Bc5 9. Qd1 Nb6 10. Qe2+ Qe7 11. d6 Bxd6 12. O-O Bc5+ 13. Kh1 Qxe2 14. Bxe2
Ng4 15. Ne4 Be7 16. h3 Nf6 17. Bd3 O-O 18. Nfg5 h6 19. Nxf6+ Bxf6 20. Nh7 Re8
21. Nxf6+ gxf6 22. b3 f5 23. Bb2 h5 24. Rf3 Kh7 25. g4 h4 26. gxf5 Bd7 27. Rg1
Rg8 28. Rg4 Rxg4 29. hxg4 Rg8 30. g5 1-0

[Event "88th YMCA Winter-C"]
[Site "Warszawa"]
[Date "2011.03.01"]
[Round "9"]
[White "Nairi, Laurent"]
[Black "Krzyzanowski, Antoni"]
[Result "1-0"]
[WhiteElo "1777"]
[BlackElo "1793"]
[PlyCount "71"]
[EventDate "2011.01.04"]
[EventRounds "1"]
[EventCountry "POL"]
[SourceDate "2011.01.05"]

1. c4 Nf6 2. Nc3 e6 3. Nf3 d5 4. d4 c6 5. cxd5 exd5 6. Bg5 Be7 7. e3 Nbd7 8.
Be2 Nf8 9. O-O h6 10. Bh4 g5 11. Bg3 Ng6 12. Ne5 O-O 13. f4 Nxe5 14. dxe5 Nh7
15. Bd3 f5 16. exf6 Nxf6 17. fxg5 hxg5 18. Be5 Ng4 19. Rxf8+ Bxf8 20. Bg3 Qb6
21. Qc2 Qxe3+ 22. Kh1 Qe7 23. Re1 Qg7 24. Re8 b6 25. Qe2 Nf6 26. Rxc8 Rxc8 27.
Qe6+ Qf7 28. Qxc8 Ne4 29. Qg4 Nxg3+ 30. Qxg3 Qe7 31. Qf2 Bg7 32. Qe2 Qf7 33. g4
Qf4 34. Qe6+ Kh8 35. Qe8+ Bf8 36. Qh5+ 1-0

[Event "88th YMCA Winter-C"]
[Site "Warszawa"]
[Date "2011.03.03"]
[Round "9"]
[White "Budrewicz, Henryk"]
[Black "Starczewska, Malgorzata"]
[Result "0-1"]
[WhiteElo "1625"]
[BlackElo "1810"]
[PlyCount "46"]
[EventDate "2011.01.04"]
[EventRounds "1"]
[EventCountry "POL"]
[SourceDate "2011.01.05"]

1. d4 g6 2. e3 Bg7 3. Bd3 d6 4. c4 f5 5. Nc3 Nf6 6. f4 e5 7. Nge2 O-O 8. O-O
Re8 9. fxe5 dxe5 10. d5 c6 11. e4 cxd5 12. cxd5 Nbd7 13. h3 Nc5 14. Bg5 Ncxe4
15. Nxe4 fxe4 16. Bxe4 Qb6+ 17. Kh2 Nxe4 18. Bh4 Bf5 19. Rf3 Qd6 20. Be1 Rad8
21. g4 Be6 22. Qa4 Bxd5 23. Bb4 Nc5 0-1

[Event "88th YMCA Winter-C"]
[Site "Warszawa"]
[Date "2011.02.10"]
[Round "9"]
[White "Wilczynski, Adam"]
[Black "Pastuszko, Kinga"]
[Result "1/2-1/2"]
[WhiteElo "1768"]
[BlackElo "1795"]
[PlyCount "134"]
[EventDate "2011.01.04"]
[EventRounds "1"]
[EventCountry "POL"]
[SourceDate "2011.01.05"]

1. c4 e5 2. g3 Nf6 3. Bg2 d5 4. cxd5 Nxd5 5. Nf3 Nc6 6. O-O Be7 7. d4 exd4 8.
Nxd4 Nxd4 9. Qxd4 Nf6 10. Qa4+ Qd7 11. Qc2 O-O 12. Bf4 c6 13. Nc3 Qf5 14. Qxf5
Bxf5 15. e4 Be6 16. Bg5 h6 17. Bf4 Rad8 18. Rad1 Bc4 19. Rfe1 Bc5 20. h3 Nh5
21. Bc7 Rd3 22. Rxd3 Bxd3 23. g4 Rc8 24. Bh2 Nf6 25. Rd1 Bc4 26. b3 Be6 27. Bd6
Bxd6 28. Rxd6 g5 29. Bf1 Kf8 30. f3 Ke7 31. Rd2 Nd7 32. Kf2 Ne5 33. Ke3 Ng6 34.
Ne2 f6 35. f4 Bf7 36. fxg5 hxg5 37. Nd4 Be6 38. Nf5+ Bxf5 39. exf5 Nf4 40. Kf3
Nd5 41. Bc4 Rd8 42. a3 b5 43. Bf1 Rd6 44. h4 gxh4 45. Rh2 Nc3 46. Rxh4 Rd1 47.
Rh7+ Kd6 48. Be2 Nxe2 49. Kxe2 Rg1 50. Rf7 Ke5 51. Re7+ Kf4 52. Re6 Rxg4 53.
Rxf6 Rg5 54. Rxc6 Rxf5 55. Ra6 Rf7 56. Kd3 Ke5 57. Ra5 Rb7 58. Kc3 Kd5 59. Kb4
Kc6 60. Ra6+ Kd5 61. Rh6 Rb8 62. Ka5 Kd4 63. Rh4+ Kc3 64. Rb4 Rb6 65. Rxb5
Rxb5+ 66. Kxb5 Kxb3 67. a4 a6+ 1/2-1/2